| 000 | 00648nam a2200229Ia 4500 | ||
|---|---|---|---|
| 003 | GCL | ||
| 008 | 140319s9999 xx 000 0 ara d | ||
| 040 |
_aGCL / _cGCL |
||
| 082 | 0 | 4 |
_a372.52 _bم ا |
| 100 | 1 | _aمحمود البسيونى | |
| 245 | 1 | 0 |
_aاصول التربية الفنية / _cمحمود البسيونى |
| 260 |
_a[S.N] : _bعالم الكتب الحديث ، _c1985 |
||
| 300 | _a273 ص | ||
| 490 | _a | ||
| 650 | 0 | 4 | _aطرق التدريس |
| 650 | 0 | 4 | _aالتعليم |
| 650 | 0 | 4 | _aالطلبة |
| 650 | 0 | 4 | _aالتربية الفنية |
| 650 | 0 | 4 | _aهوايات |
| 650 | 0 | 4 | _aالمدرسون |
| 942 |
_2ddc _cBK |
||
| 999 |
_c32624 _d32624 |
||